000 01021nam a2200313Ia 4500
005 20220317001723.0
008 170328s2010 s g 000 f s
020 _a9788420469409
041 _aspa
100 1 _aVargas Llosa, Mario
_d1936-
245 1 3 _aLa guerra del fin del mundo
_cMario Vargas Llosa
250 _a3a. edición
300 _a719 páginas
_c23 cm
490 _aBiblioteca Mario Vargas Llosa
500 _aIncluye datos biográficos del autor en solapa
586 _aPremio Nobel de Literatura 2010
650 1 4 _2LEMB
_aNovela peruana
_ySiglo XX
650 1 4 _2LEMB
_aLiteratura peruana
_ySiglo XX
650 1 4 _2LEMB
_aHistoria en la literatura
650 1 4 _2LEMB
_aRevoluciones en la literatura
650 1 4 _2LEMB
_aPolítica en la literatura
942 _2loc
_cBKLIT
264 _aMadrid
_bAlfaguara
_c2010
336 _atexto
_btxt
_2rdacontent
337 _asin mediación
_bn
_2rdamedia
338 _avolumen
_bnc
_2rdacarrier
040 _aCO-BoRNBP
_bspa
_erda
_cCO-BoRNBP
084 _aN VAR1
999 _c7854
_d7854